Normal view
MARC view
Entry Topical Term
001 - CONTROL NUMBER
- control field: 48864
003 - CONTROL NUMBER IDENTIFIER
- control field: ARRUPE
005 - DATE AND TIME OF LATEST TRANSACTION
- control field: 20191203095043.0
008 - FIXED-LENGTH DATA ELEMENTS
- fixed length control field: 191203|| aca||aabn | a|a d
040 ## - CATALOGING SOURCE
- Original cataloging agency: ARRUPE
- Transcribing agency: ARRUPE
150 ## - HEADING--TOPICAL TERM
- Topical term or geographic name as entry element: Farm tenancy
- Geographic subdivision: Zimbabwe.
670 ## - SOURCE DATA FOUND
- Source citation: Work cat.: (ARRUPE)0: Zimbabwe. Commission of Inquiry into Appropriate Agricultural Land Tenure Systems. 48863, Report of the Commission of Inquiry into Appropriate Agricultural Land Tenure Systems /, [1994]